000
00300nam a22001337a 4500
008
181008b xxu||||| |||| 00| 0 eng d
020
_a
9781570662904
041
_a
eng
080
_a
004
100
_a
30
101
_a
SHK
245
_a
Icd P cm clinical Modification
_c
james.p
942
_2
udc
_c
BK
999
_c
49020
_d
49020